Il Pittore Che Visse Due Volte Un grande thriller

সংরক্ষণ করুন:
গ্রন্থ-পঞ্জীর বিবরন
প্রধান লেখক: Chris Paling
বিন্যাস: গ্রন্থ
ভাষা:অজানা বা ভুল ভাষা
প্রকাশিত: Newton Compton Editori
ট্যাগগুলো: ট্যাগ যুক্ত করুন
কোনো ট্যাগ নেই, প্রথমজন হিসাবে ট্যাগ করুন!

MARC

LEADER 00000nam a2200000Ia 4500
001 R-1638
003 CODICE-MESSINA
005 20260212102510.0
008 260211s9999 xx 000 0 und d
040 |c importazione_messina 
100 |a Chris Paling 
245 0 |a Il Pittore Che Visse Due Volte 
245 0 |b Un grande thriller 
260 |b Newton Compton Editori 
942 |2 ddc  |c BK 
952 |0 0  |1 0  |2 ddc  |4 0  |6 SCAFFALE_16_000000000000000__STANZA_2  |7 0  |9 32478  |a ME  |b ME  |d 2026-02-11  |l 0  |o SCAFFALE 16 - STANZA 2  |p R-1638  |r 2026-02-11 23:53:12  |w 2026-02-11  |x [REVISIONARE]  |y BK 
999 |c 28145  |d 28145